000 00310nam a22001337a 4500
008 171013b xxu||||| |||| 00| 0 eng d
020 _a0205086934
041 _aeng
080 _a316
100 _a50
101 _aSOC
245 _aBASIC STATISTICS FOR THE BAHVIORAL SCIENCES
_cKAPLAN,R.M
942 _2udc
_cBK
999 _c33572
_d33572